| 000 | 00551nam a22001817a 4500 | ||
|---|---|---|---|
| 005 | 20251108164328.0 | ||
| 008 | 250721s1968 xx 000 0 ara d | ||
| 082 | 1 | 4 | _a811.9/عبد |
| 100 | 1 | _aالبصري، عبد الجبار داود | |
| 245 | 1 | 0 | _aمقال الشعر العراقي الحديث / |
| 264 | 1 |
_aبغداد : _bدار الجمهورية، _c1968. |
|
| 300 | _a144ص | ||
| 490 | 0 | _aالكتب الحديثة ؛33 | |
| 650 | 1 | 7 | _aالشعر العربي |
| 650 | 1 | 7 | _aالعصر الحديث |
| 942 |
_2ddc _cBK |
||
| 999 |
_c9465 _d9465 |
||